Ochrana duševného vlastníctva Prezradenie môže viesť až k bankrotu podniku

Význam ochrany duševného vlastníctva - nehmotných statkov. Zákony zabezpečujúce ochranu nehmotných i hmotných statkov. Ďalšie možné spôsoby ochrany duševného vlastníctva - utajenie, prípadne zneprístupnenie nepovolaným osobám ako predmet obchodného tajomstva. Ochrana štátneho tajomstva. Hospodárske...

Ausführliche Beschreibung

Gespeichert in:
Bibliographische Detailangaben
1. Verfasser: Vyparina, S.
Format: Buchkapitel
Sprache:Slowakisch
Schlagworte:
Tags: Tag hinzufügen
Keine Tags, Fügen Sie das erste Tag hinzu!

MARC

LEADER 00000naa a2200000 4500
001 r015465
005 20221213114158.0
041 0 |a slo 
044 |a SK 
245 1 0 |a Ochrana duševného vlastníctva  |b Prezradenie môže viesť až k bankrotu podniku  |c S. Vyparina 
520 |a Význam ochrany duševného vlastníctva - nehmotných statkov. Zákony zabezpečujúce ochranu nehmotných i hmotných statkov. Ďalšie možné spôsoby ochrany duševného vlastníctva - utajenie, prípadne zneprístupnenie nepovolaným osobám ako predmet obchodného tajomstva. Ochrana štátneho tajomstva. Hospodárske a služobné tajomstvo. Zodpovednosť za ochranu tajomstva. 
610 2 0 |a vlastníctvo duševné 
610 2 0 |a ochrana vlastníctva 
610 2 0 |a tajomstvo obchodné 
610 2 0 |a majetok nehmotný 
610 2 0 |a normy právne 
100 1 |a Vyparina, S.